| 000 | 00688nam a2200133Ia 4500 | ||
|---|---|---|---|
| 008 | 171212s9999 xx 000 0 und d | ||
| 020 | _a9781921666049 | ||
| 245 |
_ceditor Hart, Paul `t;Tindall, Karen _aFraming the Global Economic Downturn _bCrisis rhetoric and the politics of recessions |
||
| 260 |
_bANU E Press _c2009 |
||
| 440 | _aAustralia and New Zealand School of Government (ANZSOG) | ||
| 650 | _aFinancial crises; Globalization -- Economic aspects; Bankruptcy -- International cooperation; Crisis management -- Political aspects; Political leadership; Decision-making in public administration | ||
| 650 | _aPolitical Science | ||
| 856 | _uwww.jstor.org/stable/10.2307/j.ctt24hf3m | ||
| 999 |
_c351121 _d351121 |
||